Welcome to the Holygrace Academy Library

Please use search bar below to get started

FUNGI (Record no. 1449)

MARC details
000 -LEADER
fixed length control field 00353nam a22001337a 4500
082 ## - DEWEY DECIMAL CLASSIFICATION NUMBER
Classification number 579
Item number SRI/F
100 ## - MAIN ENTRY--AUTHOR NAME
Personal name SRIVASTAVA, H.N
245 ## - TITLE STATEMENT
Title FUNGI
Remainder of title LICHENS, BACTERIA, VIRUSES AND PLANT DISEASES
250 ## - EDITION STATEMENT
Edition statement NEW MILLENIUM EDITION
260 ## - PUBLICATION, DISTRIBUTION, ETC. (IMPRINT)
Place of publication JALANDHAR
Name of publisher PRADEEP PUBLICATIONS
Year of publication 2007
300 ## - PHYSICAL DESCRIPTION
Number of Pages 311
650 ## - SUBJECT ADDED ENTRY--TOPICAL TERM
Topical Term BIOLOGY REFERENCE
Geographic subdivision INDIA
942 ## - ADDED ENTRY ELEMENTS (KOHA)
Koha item type Books
Holdings
Withdrawn status Lost status Collection code Home library Current library Shelving location Date acquired Source of acquisition Cost, normal purchase price Full call number Accession Number Koha item type
    Reference Main Library Main Library SHELF-5 E REFERENCE BIOLOGY 24/10/2006 purchase 200.00 579 SRI/F 03392 Books